| 000 | 02382nmm a22003857i 4500 | ||
|---|---|---|---|
| 001 | 768714001 | ||
| 003 | CO-MdFUSB | ||
| 005 | 20250731130951.0 | ||
| 007 | cd au aaaaaaaa | ||
| 008 | 180403s2019 ck ||||| |||| 00| 0 spa d | ||
| 040 |
_aCO-MdFUSB _bEspañol _cCO-MdFUSB _dCO-MdFUSB |
||
| 041 | _aspa | ||
| 043 | _ack | ||
| 084 | _aT CD0098 | ||
| 100 |
_aFernández Rojas, July Paola. _eautor |
||
| 245 | 0 | 3 |
_aLa responsabilidad de la iglesia frente al florecimiento económico de las personas en situación de desplazamiento en Colombia. _c/ July Paola Fernández Rojas , Ever Enrique Maestre Alvarado ; asesorado por Christopher M. Hays _h[electrónico] |
| 264 | 1 |
_aMedellín, Colombia : _bFUSBC, _c2019 |
|
| 336 |
_2rdacontent _aprograma de ordenador _bcop |
||
| 337 |
_2rdamedia _ainformático _bc |
||
| 338 |
_2rdacarrier _adisco compacto _bcd |
||
| 502 |
_aTrabajo de grado _b(Teología) -- _cFundación Universitaria Seminario Bíblico de Colombia, _d2019 |
||
| 504 | _aBibliografía (página 63-70) | ||
| 505 | _aAnálisis de las dinámicas económicas que resultan después del desplazamiento. -- Una buena vida en sus dimensiones económicas desde una perspectiva bíblica. -- Evaluación de los currículos de economía del proyecto de Fe y Desplazamiento. | ||
| 506 | _aPréstamo en sala | ||
| 520 | _aLa presente monografía tiene como objetivo mostrar las problemáticas económicas que ha generado el desplazamiento en Colombia y algunas respuestas bíblicas y cristianas que se pueden aplicar en busca de soluciones a este lamentable flagelo. La realidad del desplazamiento forzado ha afectado a gran parte del territorio colombiano, lo cual ha generado un impacto negativo en la situación económica de esta población. A raíz de esto, se lleva a cabo una investigación bíblica que desarrolla lo que significa para el ser humano tener una buena vida en sus dimensiones económicas. | ||
| 535 | _aRecurso en REPCI | ||
| 650 | 0 |
_9397 _aCristianismo y economía _zColombia |
|
| 650 | 0 |
_91175 _aAcción social |
|
| 650 | 0 |
_9476 _aTeología práctica _xCristianismo |
|
| 653 | _aDesplazamiento forzado -- Colombia | ||
| 700 |
_92748 _aMaestre Alvarado, Ever Enrique. _eautor |
||
| 700 | 1 |
_91068 _aHays, Christopher M., _easesor _d1983- |
|
| 856 |
_aREPCI _dwww.repci.co _iAbrir el recurso Aquí _uhttps://repositorio.repci.co/handle/123456789/410 |
||
| 942 | _cTG | ||
| 999 |
_c65329 _d65329 |
||